000 00805nam a2200229Ia 4500
005 20250108124905.0
008 008 250107s9999 xx 000 0 hin d
020 _a978-93-90685-08-0
037 _aTB
040 _aCRL
_bhin
_cCRL
041 _ahin
_2hin
084 _aV2:91.N91 N2
084 _qCRL
100 _aढडवाल, चंद्ररेखा, ले.
245 0 _aआग
_cढडवाल, चंद्ररेखा, ले.
260 _aगाजियाबाद, भारत
_bअंतिका प्रकाशन प्रा. लि.
_c2564
300 _a144पृ0
365 _aINR
_b225
650 _aहिन्दी कहानीहिन्दी साहित्य
_9729733
942 _cTB
_hV2:91.N91 N2
999 _c1234952
_d1234952